000 00607nam a22001817a 4500
005 20251126181155.0
008 251120b |||||||| |||| 00| 0 eng d
020 _a978-81-962762-8-7
041 _aeng
082 _a572 RAJ-T
100 _aRAJAN. MR. NITIN AND KULSHRESTHA, MS VRIDHI & SONI, MR SHUBHANKIT AND SINGH, MR. DR. ARUN KUMAR
_98753
245 _aA THEORETICAL BOOK ON BIOCHEMISTRY: FOR DIPLOMA IN PHARMACY [2ND YEAR STUDENTS]
250 _aRE. PRINT ED. 2025
260 _aNEW DELHI
_bINNOVATIVE PUBLICATION PVT.LTD.
_c2025
300 _a166;P
650 _aPHARMACY
_xD.PHARMA
942 _cBK
999 _c8925
_d8923